000 00360 a2200109 4500
001 ART_9673
005 20260410161837.0
008 260409a
245 1 0 _aAnálisis e interpretación de la aplicación del método Simplex
100 1 _aBonatti, Patricia
773 0 _tContabilidad y administración
_g- Año 6, Nº 60 (jun. 1982)
_wREV5485
999 _c23793
_d23793